| 000 | 00671nam a22002417a 4500 | ||
|---|---|---|---|
| 003 | UA-OsUOA | ||
| 001 | 40568 | ||
| 007 | ta | ||
| 008 | 20060811b un ||||| |||| 00| 0 ukr d | ||
| 100 | _aПозняк (Скрипюк) Г. | ||
| 090 |
_a929 _bП47 |
||
| 942 | _cBK | ||
| 040 |
_aUA-OsUOA _bukr _cUA-OsUOA _dUA-OsUOA |
||
| 245 |
_aМені було дев'ятнадцять _bавтобіографічна розповідь |
||
| 300 | _a124 с. | ||
| 955 | _a3 | ||
| 041 | _aukr | ||
| 080 | _a929 | ||
| 020 | _a966-518-043-6 | ||
| 260 |
_aК. _bКМА _c2001 |
||
| 650 | 7 |
_a9 Географія. Біографії. Історія _2UDC |
|
| 999 |
_c326692 _d326692 |
||